Pikové eso /
Román ze studentského prostředí, ve kterém autorka otevírá problém šikany a rasismu.
Uloženo v:
| Hlavní autor: | |
|---|---|
| Další autoři: | |
| Médium: | E-kniha |
| Jazyk: | Czech |
| Vydáno: |
Brno :
Host,
2022
|
| Vydání: | První vydání |
| Témata: | |
| Tagy: |
Žádné tagy |
| LEADER | 02435nam a2200457 i 4500 | ||
|---|---|---|---|
| 001 | 311783 | ||
| 003 | CZ PrSKC | ||
| 005 | 20260601215711.0 | ||
| 007 | ta | ||
| 008 | 221018s2022 xr d 000 f cze | ||
| 015 | |a cnb003464900 | ||
| 020 | |a 9788027511389 |q (brožováno) | ||
| 035 | |a (OCoLC)1357140811 | ||
| 040 | |a ABG001 |b cze |d ABA001 |e rda | ||
| 041 | 1 | |a cze |h eng | |
| 072 | 7 | |a 821.111-3 |x Anglická próza, anglicky psaná |2 Konspekt | |
| 072 | 7 | |a 821-93 |x Literatura pro děti a mládež (beletrie) |2 Konspekt | |
| 080 | |a 821.111-31 |2 MRF | ||
| 080 | |a 821-93 |2 MRF | ||
| 080 | |a (0:82-31) |2 MRF | ||
| 100 | 1 | |a Àbíké-Íyímídé, Faridah, |d 1998- |7 xx0277692 |4 aut | |
| 240 | 1 | 0 | |a Ace of spades. |l Česky |
| 245 | 1 | 0 | |a Pikové eso / |c Faridah Àbíké-Íyímídé ; přeložila Lenka Němečková |
| 250 | |a První vydání | ||
| 264 | 1 | |a Brno : |b Host, |c 2022 | |
| 300 | |a 378 stran ; |c 21 cm | ||
| 336 | |a text |b txt |2 rdacontent | ||
| 337 | |a bez média |b n |2 rdamedia | ||
| 338 | |a svazek |b nc |2 rdacarrier | ||
| 500 | |a Přeloženo z angličtiny | ||
| 520 | 2 | |a Román ze studentského prostředí, ve kterém autorka otevírá problém šikany a rasismu. |b Vítejte v soukromé prestižní akademii Niveus, kde se na začátku školního roku objevil anonymní vyděrač. Říká si Eso a rád vynáší na světlo temná tajemství zdejších studentů. Jeho terčem se stanou dva na první pohled úplně rozdílní žáci. Devon a Chiamaka nemají zdánlivě nic společného, ale někdo si je vybral, aby je veřejně zničil. Někdo, kdo má všechna esa v rukávu. A má s nimi v plánu mnohem víc než jen nevinnou středoškolskou hru. Nakladatelská anotace. Kráceno. | |
| 655 | 7 | |a anglické romány |7 fd131814 |2 czenas | |
| 655 | 7 | |a publikace pro mládež |7 fd133157 |2 czenas | |
| 655 | 9 | |a English fiction |2 eczenas | |
| 655 | 9 | |a juvenile literature |2 eczenas | |
| 700 | 1 | |a Němečková, Lenka, |d 1972- |7 jn20020716072 |4 trl | |
| 900 | |a ABA001 |b 20 | ||
| 044 | |a xr | ||
| 910 | |a RBIT002 | ||
| 998 | |d 365078 |a https://core.palmknihy.cz/api/books/365078/cover?rm9oaw |b https://core.palmknihy.cz/api/books/365078/cover/400?rm9oaw |c https://core.palmknihy.cz/api/books/365078/cover/50?rm9oaw |e 2026-11-05 |g 383 |i 9788027511389 |j https://core.palmknihy.cz/api/books/365078/preview.epub |k https://core.palmknihy.cz/api/books/365078/preview.pdf |l |q 49 |r 1 |s https://www.palmknihy.cz/kniha/365078 |t ebook |y 2022 |z 0 | ||
| 999 | |d 311781 | ||